Nghiên cứu biến động thành phần loài thủy sản và sản lượng khai thác trong và ngoài đập Ba Lai, tỉnh Bến Tre : Luận văn tốt nghiệp Cao học. Chuyên ngành Quản lý và Bảo vệ nguồn lợi thủy sản
Nghiên cứu biến động thành phần loài thủy sản và sản lượng khai thác trong và ngoài đập Ba Lai, tỉnh Bến Tre nhằm đánh giá sự thay đổi về nguồn lợi thủy sản. Từ đó đề xuất những giải pháp quản lý nguồn lợi phục vụ phát triển bền vữn...
Gespeichert in:
| 1. Verfasser: | |
|---|---|
| Format: | Buch |
| Sprache: | Undetermined |
| Veröffentlicht: |
Cần Thơ
Trường Đại học Cần Thơ
2015
|
| Schlagworte: | |
| Tags: |
Tag hinzufügen
Keine Tags, Fügen Sie den ersten Tag hinzu!
|
| Thư viện lưu trữ: | Trung tâm Học liệu Trường Đại học Cần Thơ |
|---|
| LEADER | 01339nam a2200217Ia 4500 | ||
|---|---|---|---|
| 001 | CTU_205128 | ||
| 008 | 210402s9999 xx 000 0 und d | ||
| 082 | |a 639.21 | ||
| 082 | |b B116 | ||
| 088 | |a 60620305 | ||
| 100 | |a Nguyễn, Hải Bằng | ||
| 245 | 0 | |a Nghiên cứu biến động thành phần loài thủy sản và sản lượng khai thác trong và ngoài đập Ba Lai, tỉnh Bến Tre : | |
| 245 | 0 | |b Luận văn tốt nghiệp Cao học. Chuyên ngành Quản lý và Bảo vệ nguồn lợi thủy sản | |
| 245 | 0 | |c Nguyễn Hải Bằng ; Trần Đắc Định (Cán bộ hướng dẫn) | |
| 260 | |a Cần Thơ | ||
| 260 | |b Trường Đại học Cần Thơ | ||
| 260 | |c 2015 | ||
| 520 | |a Nghiên cứu biến động thành phần loài thủy sản và sản lượng khai thác trong và ngoài đập Ba Lai, tỉnh Bến Tre nhằm đánh giá sự thay đổi về nguồn lợi thủy sản. Từ đó đề xuất những giải pháp quản lý nguồn lợi phục vụ phát triển bền vững trong vùng nghiên cứu. | ||
| 650 | |a Nguồn lợi thủy sản,Fishery resources | ||
| 904 | |i Hải | ||
| 980 | |a Trung tâm Học liệu Trường Đại học Cần Thơ | ||